| 000 | 00681nam a2200241 a 4500 | ||
|---|---|---|---|
| 001 | 57454 | ||
| 003 | BD-RjUL | ||
| 005 | 20211209080521.0 | ||
| 008 | 161210s2016 BG ||||| |||| 00| 0 eng d | ||
| 020 |
_a9488451102 _c: TK 300.00 |
||
| 035 | _a(BD-RjUL)57578 | ||
| 040 |
_aBD-RjUL _beng _cBD-RjUL _dBD-RjUL |
||
| 041 | _aeng | ||
| 082 | 0 | 4 |
_223 _a572.8 _bREI 2016 |
| 100 | 1 |
_aReza, AM Saleh, _934360 |
|
| 245 | 1 | 0 |
_aIntroductory bioinformatics / _cAM Saleh Reza and Selina Parween. |
| 250 | _a2nd ed. | ||
| 260 |
_aDhaka : _bRajshahi, _c2016 |
||
| 300 |
_a193 p. : _bIll. ; _c20 cm. |
||
| 650 |
_a Bioinformatics _934361 |
||
| 700 | 1 |
_aParween, Selina _934362 |
|
| 942 |
_2ddc _cBK |
||
| 999 |
_c57454 _d57454 |
||